000 00548nam a2200193Ia 4500
001 16969
003 GE_BSU
008 181216s||||||||xx |||||||||||||| ||und||
040 _cGE_BSU
080 _a821.353.1 + 821.353.1-1
100 _aგრიშაშვილი, ი.
245 _aრჩეული
260 _aთბილისი
260 _bსაბჭ. საქართველო
260 _c1959
300 _a599გვ. : ფაქს; 1ფ. პორტრ. ; 22სმ.
653 _aრჩეული
942 _cBK
999 _c50031
_d50031